Estudios sobre economía de las corporaciones locales VIII
ISBN:
84-606-0249-4
Descripción Física:
326 p. : gràfics ; 22 cm
Colección:
Temas de administración local ; 42
Materias:
Finances locals -- Espanya -- Congressos
MARC
| LEADER | 00000nam a2200000Ia 4500 | ||
|---|---|---|---|
| 001 | 18439 | ||
| 008 | 160829s1991 xx 000 0 cat d | ||
| 020 | |a 84-606-0249-4 | ||
| 080 | |a M-5-322 | ||
| 100 | |a Semana de Estudios Superiores sobre Economía y Gestión de las Corporaciones Locales (9a : 1990: Granada) |9 23557 | ||
| 245 | |a Estudios sobre economía de las corporaciones locales VIII | ||
| 260 | |a [Granada] : |b Centro de Estudios Municipales y de Cooperación Interprovincial, |c 1991 | ||
| 300 | |a 326 p. : |b gràfics ; |c 22 cm | ||
| 490 | |a Temas de administración local ; 42 | ||
| 590 | |a Conferències pronunciades en la IX Semana de Estudios Superiores sobre Economía y Gestión de las Corporaciones Locales, celebrada a Granada de l'1 al 5 d'octubre de 1990 | ||
| 650 | 0 | |a Finances locals |x Espanya |x Congressos |9 23554 | |
| 700 | |a Centro de Estudios Municipales y de Cooperación Interprovincial |9 22688 | ||
| 901 | |a Arxiu | ||
| 942 | |n 1 | ||
| 952 | |0 0 |1 0 |4 0 |6 M5322 |7 1 |9 42752 |a Arxiu |b Arxiu |d 2016-12-01 |l 0 |o M-5-322 |p 18439 |r 2016-12-01 00:00:00 |w 2016-12-01 |y ARXIU | ||
| 999 | |c 45258 |d 45258 | ||